00411nam a22001337a 450000500170000000800410001704100130005808200160007110000130008724500670010026000570016730000270022465000260025120231124062652.0231124b |||||||| |||| 00| 0 eng d aEnglish  a341.48 AMN  lEnglish  a10 Basic Human Rights Standards for Law Enforcement Officials  aLondon : bAmnesty International Publications,c1998 b11 pages ; c30,4 cm.  aLegal practice bLaw